000 00919nam a2200265Ia 4500
003 OSt
005 20220918112040.0
006 a|||||r|||| 00| 0
007 ta
008 220915b |||||||| |||| 00| 0 hin d
020 _a9788181436047 (hbk)
024 _a548
037 _b482, 27/03/2008, Vani Prakashan
037 _cTextbook
040 _bhin
_aARTS
_cARTS
041 _ahin
082 _aP152.5, P7
100 _aबंघा, इमरै, संपा.
_910145
245 0 _aमध्य और पूर्वी यूरोप में हिन्दी
246 _aMadhya aur pūrvī yūrop mean hindī
260 _aनयी
_bदिल्ली वाणी प्रकाशन भारत
_c2007
300 _a98पृ0
_ccm.
942 _hP152.5, P7
_cTB
_2CC
999 _c118081
_d118081